[Event "AUTO-ELITE-488"]
[Site "http://www.queenalice.com/game.php?id=723084"]
[Date "2010.1.31"]
[Round "1"]
[White "PackoJones"]
[Black "mateintwo"]
[Result "1/2-1/2"]
[WhiteElo "2570"]
[BlackElo "2608"]

1. e4 c5 2. c3 Nf6 3. e5 Nd5 4. Nf3 Nc6 5. d4 cxd4 6. Bc4 Nb6 7. Bb3 d5 8. exd6
Qxd6 9. O-O Be6 10. Bxe6 Qxe6 11. Nxd4 Nxd4 12. Qxd4 Rd8 13. Qh4 Qe2 14. Nd2 e5
15. a4 Be7 16. Qg3 O-O 17. a5 Nd5 18. Nf3 f6 19. h3 Bc5 20. Bd2 Qc4 21. Rfe1 Qb3
22. Qh4 Nc7 23. Qa4 Qxa4 24. Rxa4 Rd5 25. Rc4 Rfd8 26. b4 Bd6 27. Rc1 g6 28. Kf1
f5 29. Bg5 Re8 30. Be3 Nb5 31. Rh4 Rd3 32. c4 Na3 33. c5 Be7 34. Bg5 Nb5 35.
Bxe7 Rxe7 36. Rhc4 e4 37. Ne1 Rd2 38. Nc2 Kf7 39. c6 bxc6 40. Rxc6 f4 41. Re1
Kg7 42. Re2 Rdd7 1/2-1/2

[Event "AUTO-ELITE-488"]
[Site "http://www.queenalice.com/game.php?id=723085"]
[Date "2010.1.31"]
[Round "1"]
[White "mateintwo"]
[Black "PackoJones"]
[Result "1/2-1/2"]
[WhiteElo "2609"]
[BlackElo "2565"]

1. e4 c5 2. Nf3 d6 3. d4 cxd4 4. Nxd4 Nf6 5. Nc3 a6 6. Bg5 e6 7. f4 Qb6 8. Qd3
Qxb2 9. Rb1 Qa3 10. f5 Nc6 11. fxe6 fxe6 12. Nxc6 bxc6 13. Be2 Qa5 14. Qd2 Be7
15. O-O Qd8 16. Qd4 O-O 17. Na4 e5 18. Qc3 Kh8 19. Be3 c5 20. Qc4 Bd7 21. Nc3
Bc6 22. Bf3 Qa5 23. Rfd1 Rab8 24. Bd2 Rxb1 25. Rxb1 Bd8 26. a4 Bb6 27. Be1 Ba7
28. Kh1 Bb8 29. Qe2 Bd7 30. Qc4 h6 31. Qe2 1/2-1/2

[Event "AUTO-ELITE-488"]
[Site "http://www.queenalice.com/game.php?id=723092"]
[Date "2010.1.31"]
[Round "1"]
[White "mateintwo"]
[Black "Pollyanna"]
[Result "1-0"]
[WhiteElo "2604"]
[BlackElo "2474"]

1. e4 c6 2. d4 d5 3. Nc3 dxe4 4. Nxe4 Bf5 5. Ng3 Bg6 6. h4 h6 7. Nf3 Nd7 8. h5
Bh7 9. Bd3 Bxd3 10. Qxd3 Ngf6 11. Bf4 e6 12. O-O-O Be7 13. Ne4 Nxe4 14. Qxe4 Nf6
15. Qd3 Qd5 16. c4 Qe4 17. Bg3 b5 18. c5 Qd5 19. Ne5 O-O 20. Bh4 a5 21. g4 Bxc5
22. g5 hxg5 23. Bxg5 Ng4 24. h6 Nxe5 25. dxe5 Qxd3 26. Rxd3 f6 27. hxg7 Kxg7 28.
Bh6+ Kf7 29. Bxf8 Rxf8 30. Rf3 Be7 31. Rh7+ Ke8 32. Rh6 1-0

[Event "AUTO-ELITE-488"]
[Site "http://www.queenalice.com/game.php?id=723093"]
[Date "2010.1.31"]
[Round "1"]
[White "Pollyanna"]
[Black "mateintwo"]
[Result "1/2-1/2"]
[WhiteElo "2476"]
[BlackElo "2609"]

1. c4 f5 2. d4 Nf6 3. g3 g6 4. Bg2 Bg7 5. Nc3 d6 6. Nh3 Nc6 7. O-O O-O 8. Nf4
Re8 9. d5 Ne5 10. b3 c6 11. Bb2 Bd7 12. Qd2 Qa5 13. Rac1 Rab8 14. Rfd1 c5 15.
Ra1 a6 16. a4 Rf8 17. Qc2 Nf7 18. e3 Ne5 19. h3 Ne8 20. f3 Qc7 21. h4 Nf6 22.
Kf2 Ra8 23. Rh1 Rab8 24. Bf1 Bh6 25. Be2 1/2-1/2

[Event "Torneo Italiano"]
[Site "http://www.queenalice.com/game.php?id=766873"]
[Date "2010.4.26"]
[Round "5"]
[White "pumamercedino"]
[Black "mateintwo"]
[Result "1/2-1/2"]
[WhiteElo "2479"]
[BlackElo "2613"]

1. e4 c5 2. Nf3 d6 3. d4 cxd4 4. Nxd4 Nf6 5. Nc3 a6 6. Bg5 e6 7. f4 Qb6 8. Nb3
Nbd7 9. Qf3 Qc7 10. Bd3 Be7 11. O-O-O b5 12. a3 Bb7 13. Kb1 h6 14. Bxf6 Nxf6 15.
g4 Nd7 16. h4 O-O-O 17. g5 Kb8 18. Rhf1 g6 19. Nd4 Nc5 20. Qg4 hxg5 21. hxg5 Rh5
22. Qf3 Rdh8 23. Rh1 Rxh1 24. Rxh1 Rxh1+ 25. Qxh1 Bd8 26. Qh8 Qe7 27. Nb3 Nxb3
28. cxb3 Bc6 29. Qg7 Qd7 30. Qd4 e5 31. fxe5 dxe5 32. Qxe5+ Bc7 33. Qh8+ Qd8 34.
Qxd8+ Bxd8 35. a4 bxa4 36. bxa4 Ka7 37. Bc4 Be8 38. Kc2 Bxg5 39. b4 Bf6 1/2-1/2

[Event "World Cup"]
[Site "http://www.queenalice.com/game.php?id=777041"]
[Date "2010.5.17"]
[Round "5"]
[White "Pentotal"]
[Black "mateintwo"]
[Result "1/2-1/2"]
[WhiteElo "2413"]
[BlackElo "2617"]

1. e4 c5 2. Nc3 d6 3. Nf3 Nf6 4. d4 cxd4 5. Nxd4 a6 6. Be2 e5 7. Nb3 Be7 8. O-O
O-O 9. Qd3 Be6 10. Bd2 Qc7 11. Nd5 Nxd5 12. exd5 Bc8 13. a4 f5 14. Rfe1 Nd7 15.
a5 Nf6 16. Be3 Bd7 17. c4 Rac8 18. Rac1 Qd8 19. Bb6 Qe8 20. Nd2 Qg6 21. Qb3 Be8
22. Be3 Nd7 23. f4 exf4 24. Bxf4 Bg5 25. Bxg5 Qxg5 26. Nf3 Qf6 27. Qc3 Bh5 28.
Qxf6 Nxf6 29. b4 g6 30. Bf1 Bxf3 31. gxf3 Kg7 32. Kf2 Rc7 33. Ke3 Rd8 34. Kd4
Kf8 35. Rc2 1/2-1/2

[Event "AUTO-ELITE-488"]
[Site "http://www.queenalice.com/game.php?id=786588"]
[Date "2010.6.6"]
[Round "2"]
[White "mateintwo"]
[Black "argondog"]
[Result "1/2-1/2"]
[WhiteElo "2621"]
[BlackElo "2429"]

1. e4 c5 2. Nf3 d6 3. d4 cxd4 4. Nxd4 Nf6 5. Nc3 a6 6. f3 e5 7. Nb3 Be6 8. Be3
Be7 9. Qd2 O-O 10. O-O-O Nbd7 11. g4 Qc7 12. g5 Nh5 13. Kb1 b5 14. Nd5 Bxd5 15.
exd5 Nb6 16. Na5 Nxd5 17. Qxd5 Qxa5 18. Rg1 g6 19. Bd3 Qc7 20. Be4 Rac8 21. Qb7
Nf4 22. Bxf4 exf4 23. h4 d5 24. Qxd5 Rcd8 25. Qb7 Qxb7 26. Bxb7 Bc5 27. Rh1 a5
28. c3 Bf2 29. Kc2 Rxd1 30. Rxd1 Rb8 31. Be4 Bxh4 32. Rd5 1/2-1/2

[Event "AUTO-ELITE-488"]
[Site "http://www.queenalice.com/game.php?id=786589"]
[Date "2010.6.6"]
[Round "2"]
[White "argondog"]
[Black "mateintwo"]
[Result "0-1"]
[WhiteElo "2432"]
[BlackElo "2617"]

1. e4 c5 2. Nf3 d6 3. d4 cxd4 4. Nxd4 Nf6 5. Nc3 a6 6. Bg5 e6 7. f4 Qb6 8. Qd2
Qxb2 9. Rb1 Qa3 10. f5 e5 11. Bxf6 gxf6 12. Nd5 exd4 13. Nc7+ Kd8 14. Nxa8 Qxa2
15. Rd1 Nd7 16. Qxd4 Qa5+ 17. Kf2 d5 18. Qxd5 Qxd5 19. Rxd5 Bc5+ 20. Rxc5 Nxc5
21. Kf3 b5 22. Nb6 Re8 23. Nxc8 Kxc8 24. Bd3 Kc7 25. Ke3 b4 26. Rf1 a5 27. Rf4
a4 28. Bc4 Re7 29. Kd4 Kb6 30. Rh4 Rd7+ 31. Ke3 a3 0-1

[Event "AUTO-ELITE-444"]
[Site "http://www.queenalice.com/game.php?id=815084"]
[Date "2010.8.8"]
[Round "2"]
[White "Cyborg"]
[Black "mateintwo"]
[Result "1/2-1/2"]
[WhiteElo "2435"]
[BlackElo "2615"]

1. d4 d5 2. c4 c6 3. Nf3 Nf6 4. Nc3 e6 5. e3 Nbd7 6. Bd3 dxc4 7. Bxc4 b5 8. Bd3
Bb7 9. e4 b4 10. Na4 c5 11. e5 Nd5 12. O-O cxd4 13. Re1 Qc7 14. Nxd4 Be7 15. Qh5
g6 16. Qh6 Nxe5 17. Bb5+ Nd7 18. Qg7 Rf8 19. Bg5 Bxg5 20. Nc5 O-O-O 21. Nxd7
Rfe8 22. Nf3 Bf4 23. g3 Rxd7 24. Bxd7+ Kxd7 25. gxf4 Qxf4 26. Ne5+ Ke7 27. f3
Qg5+ 28. Kh1 Qf6 29. Qh6 Rc8 30. Rac1 g5 31. Qxf6+ Kxf6 32. Rxc8 Bxc8 33. Kg1
Bb7 1/2-1/2

[Event "AUTO-ELITE-444"]
[Site "http://www.queenalice.com/game.php?id=815085"]
[Date "2010.8.8"]
[Round "2"]
[White "mateintwo"]
[Black "Cyborg"]
[Result "1-0"]
[WhiteElo "2611"]
[BlackElo "2439"]

1. e4 e6 2. d4 d5 3. Nc3 Nf6 4. e5 Nfd7 5. f4 c5 6. Nf3 Nc6 7. Be3 a6 8. Qd2 b5
9. dxc5 Bxc5 10. Bxc5 Nxc5 11. b4 Ne4 12. Nxe4 dxe4 13. Qxd8+ Kxd8 14. Ng5 Nxb4
15. Rb1 Nxc2+ 16. Kd2 Na3 17. Rb3 Nc4+ 18. Bxc4 bxc4 19. Rb4 Ke7 20. Nxe4 Rd8+
21. Nd6 Bd7 22. Rb7 f6 23. Rhb1 a5 24. Kc3 Kf8 25. Rc7 Bc8 26. Rxc4 Ba6 27. Rc7
Kg8 28. Kd4 h6 29. Rb3 Rab8 30. Rg3 g5 31. fxg5 fxg5 32. Re7 Rb4+ 33. Kc5 Rh4
34. Rf3 Rb8 35. Rxe6 Bc4 36. Ref6 Bxa2 37. e6 1-0

[Event "AUTO-ELITE-639"]
[Site "http://www.queenalice.com/game.php?id=841854"]
[Date "2010.10.4"]
[Round "1"]
[White "mateintwo"]
[Black "mandaragit"]
[Result "1-0"]
[WhiteElo "2613"]
[BlackElo "2193"]

1. e4 e6 2. d4 d5 3. Nc3 Nf6 4. e5 Nfd7 5. f4 c5 6. Nf3 Nc6 7. Be3 cxd4 8. Nxd4
Bc5 9. Qd2 O-O 10. O-O-O Bxd4 11. Bxd4 a6 12. Bf2 b5 13. Kb1 b4 14. Na4 a5 15.
Bb5 Qc7 16. c4 bxc3 17. Qxc3 Bb7 18. Rc1 Rfc8 19. Qa3 Rab8 20. Rhd1 Ba8 21. Ba6
Bb7 22. Be2 Qd8 23. Qd6 Ba8 24. Ba6 Rc7 25. Nb6 Nf8 26. Nxa8 1-0

[Event "AUTO-ELITE-639"]
[Site "http://www.queenalice.com/game.php?id=841855"]
[Date "2010.10.4"]
[Round "1"]
[White "mandaragit"]
[Black "mateintwo"]
[Result "0-1"]
[WhiteElo "2218"]
[BlackElo "2614"]

1. d4 d5 2. c4 c6 3. Nf3 Nf6 4. Nc3 e6 5. e3 Nbd7 6. Qc2 Bd6 7. Be2 dxc4 8. Bxc4
O-O 9. O-O a6 10. Rd1 b5 11. Be2 Qc7 12. e4 e5 13. h3 exd4 14. Nxd4 Re8 15. a3
Bh2+ 16. Kh1 Be5 17. Be3 c5 18. Nf5 Nb6 19. Nd5 Nfxd5 20. exd5 Bxf5 21. Qxf5
Rad8 22. Rac1 Nxd5 23. Bxc5 Bxb2 24. Rc2 g6 25. Qf3 Nf4 26. Rxd8 Rxd8 27. Rxb2
Nxe2 28. Rxe2 Qxc5 29. Qf6 Rd1+ 30. Kh2 Qd6+ 31. Qxd6 Rxd6 32. Re8+ Kg7 33. Ra8
g5 34. Kg3 Rd3+ 35. Kg4 Rxa3 36. Kxg5 b4 37. g4 Ra5+ 0-1

[Event "AUTO-ELITE-639"]
[Site "http://www.queenalice.com/game.php?id=841856"]
[Date "2010.10.4"]
[Round "1"]
[White "mateintwo"]
[Black "BEBADO"]
[Result "1-0"]
[WhiteElo "2612"]
[BlackElo "2206"]

1. e4 e6 2. d4 d5 3. Nc3 Bb4 4. e5 c5 5. a3 Ba5 6. dxc5 Bxc3+ 7. bxc3 Qa5 8. Bd2
Qxc5 9. Qg4 Ne7 10. Qxg7 Rg8 11. Qxh7 Nbc6 12. f4 Bd7 13. Nf3 O-O-O 14. Qh4 Kb8
15. Qf2 Qa5 16. Ng5 Be8 17. Bd3 Qa4 18. O-O d4 19. c4 Na5 20. Rab1 Nec6 21. Ne4
Ka8 22. Bb4 Nxb4 23. axb4 Nc6 24. b5 Nb8 25. Ra1 Qb4 26. c5 1-0

[Event "AUTO-ELITE-639"]
[Site "http://www.queenalice.com/game.php?id=841857"]
[Date "2010.10.4"]
[Round "1"]
[White "BEBADO"]
[Black "mateintwo"]
[Result "0-1"]
[WhiteElo "2207"]
[BlackElo "2611"]

1. e4 c5 2. Nf3 d6 3. d4 cxd4 4. Nxd4 Nf6 5. Nc3 a6 6. Be2 e5 7. Nb3 Be7 8. Be3
O-O 9. Qd2 a5 10. a4 Nc6 11. f3 Nb4 12. Nd5 Nfxd5 13. exd5 Bf5 14. Rc1 Qe8 15.
Bb5 Bd7 16. Bxd7 Qxd7 17. Ra1 Qf5 18. Kd1 e4 0-1

[Event "Challenge"]
[Site "http://www.queenalice.com/game.php?id=843738"]
[Date "2010.10.9"]
[Round "-"]
[White "mateintwo"]
[Black "Arianna"]
[Result "1-0"]
[WhiteElo "2610"]
[BlackElo "1329"]

1. e4 e5 2. Nf3 d6 3. d4 f6 4. Nc3 b6 5. Bc4 c6 6. O-O Ba6 7. Bxa6 Nxa6 8. Qe2
Qc8 9. Be3 Qe6 10. Qxa6 g5 11. Qb7 Rd8 12. Qxc6+ Qd7 13. Qc4 g4 14. Nh4 Qb7 15.
Nf5 a6 16. Rad1 Rc8 17. Qe6+ Ne7 18. Nxd6+ Kd8 19. Nxb7+ Kc7 20. Nd6 Ra8 21.
dxe5 Bg7 22. Qxe7+ Kc6 23. Qb7# 1-0

[Event "AUTO-ELITE-688"]
[Site "http://www.queenalice.com/game.php?id=881914"]
[Date "2011.1.6"]
[Round "1"]
[White "mateintwo"]
[Black "isidorito444"]
[Result "1-0"]
[WhiteElo "2616"]
[BlackElo "2288"]

1. e4 c6 2. d4 d5 3. e5 c5 4. Nf3 Bg4 5. Bb5+ Nc6 6. dxc5 Qa5+ 7. Nc3 e6 8. Bd2
Qc7 9. b4 a5 10. a3 Bxf3 11. gxf3 Qxe5+ 12. Qe2 Qh5 13. Bxc6+ bxc6 14. Nb5 Kd7
15. O-O Be7 16. Bf4 Nh6 17. c4 Qg6+ 18. Kh1 Nf5 19. Rad1 axb4 20. axb4 Nh4 21.
Bg3 Qh5 22. cxd5 exd5 23. Rd3 Nf5 24. Nc3 Bf6 25. Rxd5+ Kc8 26. Rd3 1-0

[Event "AUTO-ELITE-688"]
[Site "http://www.queenalice.com/game.php?id=881915"]
[Date "2011.1.6"]
[Round "1"]
[White "isidorito444"]
[Black "mateintwo"]
[Result "0-1"]
[WhiteElo "2284"]
[BlackElo "2617"]

1. d4 d5 2. c4 c6 3. Nf3 Nf6 4. Nc3 e6 5. Bg5 h6 6. Bh4 dxc4 7. e4 g5 8. Bg3 b5
9. Ne5 Bb7 10. Rg1 Nbd7 11. Qf3 h5 12. h3 g4 13. Qe3 Nxe5 14. Bxe5 Rg8 15. Rh1
gxh3 16. Qxh3 Ng4 17. Qxh5 b4 18. Ne2 Rg5 19. Qh4 Nxe5 20. dxe5 Rxe5 21. Qf4 Bg7
22. Rh7 Qf6 23. Qxf6 Bxf6 24. O-O-O Rxe4 25. Ng3 Rh4 26. Rxh4 Bxh4 27. Ne4 Rd8
28. Bxc4 Rxd1+ 29. Kxd1 Be7 30. g4 c5 31. Nd2 Bf6 32. b3 Bc3 33. Ke2 Bxd2 34.
Kxd2 Bf3 35. g5 Be4 36. Ke3 Bf5 0-1

[Event "AUTO-ELITE-688"]
[Site "http://www.queenalice.com/game.php?id=881916"]
[Date "2011.1.6"]
[Round "1"]
[White "mateintwo"]
[Black "plonius"]
[Result "1/2-1/2"]
[WhiteElo "2616"]
[BlackElo "2606"]

1. e4 e6 2. d4 d5 3. Nc3 Nf6 4. e5 Nfd7 5. f4 c5 6. Nf3 Nc6 7. Be3 a6 8. Qd2 b5
9. a3 Bb7 10. Bd3 cxd4 11. Nxd4 Nxd4 12. Bxd4 Bc5 13. Ne2 Qh4+ 14. g3 Qh3 15.
Ng1 Qh5 16. Be2 Qh6 17. Nf3 O-O 18. O-O-O Rac8 19. h4 f6 20. exf6 Bxd4 21. Nxd4
Nxf6 22. g4 Ne4 23. g5 Qg6 24. Qe3 Qf7 25. Rhf1 Rce8 26. f5 exf5 27. Rxf5 Qg6
28. Rxf8+ Rxf8 29. Bg4 Bc8 30. Bxc8 Rxc8 31. Rf1 Rc7 32. Qf4 Qd6 33. Qxd6 Nxd6
34. Ne6 Rc8 35. b3 g6 36. Rf4 Nf5 37. Kd2 h6 38. gxh6 Kh7 39. Nd4 Nd6 40. Ke3
Ne4 41. Rf7+ Kxh6 42. Ra7 Re8 43. Nc6 Kh5 44. Ne7 Ng3 45. Kd3 d4 46. Rd7 Rf8 47.
Kxd4 Rf7 48. Kd5 Nf5 49. Ke6 Rxe7+ 50. Rxe7 Nxe7 51. Kxe7 Kxh4 52. c4 1/2-1/2

[Event "AUTO-ELITE-688"]
[Site "http://www.queenalice.com/game.php?id=881917"]
[Date "2011.1.6"]
[Round "1"]
[White "plonius"]
[Black "mateintwo"]
[Result "1/2-1/2"]
[WhiteElo "2620"]
[BlackElo "2616"]

1. e4 c5 2. Nf3 d6 3. d4 cxd4 4. Nxd4 Nf6 5. Nc3 a6 6. Be2 e5 7. Nb3 Be7 8. O-O
O-O 9. Kh1 Nc6 10. Be3 Be6 11. Bf3 a5 12. Nd5 Bxd5 13. exd5 Nb8 14. Qd3 Na6 15.
c3 a4 16. Nd2 Qc7 17. Rac1 Nd7 18. Be2 Nac5 19. Qc2 Nf6 20. c4 Nfd7 21. Bg4 g6
22. Bxd7 Nxd7 23. Nb1 f5 24. f3 Rfc8 25. Na3 Nc5 26. Rfe1 Bf6 27. Nb5 Qd8 28. b4
axb3 29. axb3 Na6 30. Qd2 Nc5 31. Rb1 Qd7 32. Bf2 Ra6 33. Qe2 Raa8 34. Kg1 Na6
35. Nc3 Re8 36. Qc2 Nb4 1/2-1/2

[Event "AUTO-ELITE-639"]
[Site "http://www.queenalice.com/game.php?id=902368"]
[Date "2011.2.18"]
[Round "2"]
[White "Conde7"]
[Black "mateintwo"]
[Result "1/2-1/2"]
[WhiteElo "2610"]
[BlackElo "2626"]

1. a3 d5 2. Nf3 g6 3. c4 d4 4. d3 Nf6 5. e3 c5 6. Be2 Bg7 7. exd4 cxd4 8. O-O a5
9. b4 axb4 10. Bb2 Nh5 11. axb4 Rxa1 12. Bxa1 Nf4 13. Re1 O-O 14. Bf1 e5 15. g3
Nh3+ 16. Bxh3 Bxh3 17. Nxe5 Qd6 18. Nf3 Bg4 19. Nbd2 Nc6 20. h3 Bxf3 21. Qxf3
Qxb4 22. Qe2 Ne5 23. Rd1 Rd8 24. Nf3 Nxf3+ 25. Qxf3 Ra8 26. Qe4 Qb6 27. Qe2 Bf6
28. h4 Kg7 29. Rc1 Ra3 30. Qd1 Rb3 31. Kg2 h5 32. Kh2 Qb4 33. Qc2 Qa4 34. Rb1
Rb4 35. Qxa4 Rxa4 36. Kg2 1/2-1/2

[Event "AUTO-ELITE-639"]
[Site "http://www.queenalice.com/game.php?id=902369"]
[Date "2011.2.18"]
[Round "2"]
[White "mateintwo"]
[Black "Conde7"]
[Result "1-0"]
[WhiteElo "2618"]
[BlackElo "2640"]

1. e4 c6 2. d4 d5 3. e5 Bf5 4. c3 e6 5. Bd3 Ne7 6. Ne2 Nd7 7. O-O Bxd3 8. Qxd3
c5 9. a3 Qb6 10. Nd2 a5 11. Qh3 Rc8 12. Nf3 Ng6 13. Qg3 Be7 14. h4 h5 15. Re1
O-O 16. Bg5 cxd4 17. cxd4 Rfe8 18. Bxe7 Rxe7 19. Qg5 Ndf8 20. b4 axb4 21. axb4
Rec7 22. Qxh5 Qxb4 23. Qg5 Nh7 24. Qg4 Ne7 25. h5 Nf5 26. Qf4 Qb3 27. g4 Ne7 28.
Reb1 Qd3 29. Ng3 Nc6 30. Kg2 Nf8 31. Rc1 Qh7 32. Rc3 b6 33. Rac1 Qh6 34. g5 Qh8
35. R1c2 g6 36. Qc1 gxh5 37. Nh4 1-0

[Event "AUTO-ELITE-688"]
[Site "http://www.queenalice.com/game.php?id=966404"]
[Date "2011.7.29"]
[Round "2"]
[White "AndyWo"]
[Black "mateintwo"]
[Result "1/2-1/2"]
[WhiteElo "2625"]
[BlackElo "2626"]

1. e4 c5 2. Nf3 d6 3. d4 cxd4 4. Nxd4 Nf6 5. Nc3 a6 6. Be2 e5 7. Nb3 Be7 8. O-O
O-O 9. Be3 Be6 10. Qd2 Nbd7 11. a4 Nb6 12. a5 Nc4 13. Bxc4 Bxc4 14. Rfd1 Rc8 15.
Nc1 d5 16. Bb6 Qe8 17. exd5 Bb4 18. d6 Qd7 19. Nd3 Bxd6 20. Nxe5 Bxe5 1/2-1/2

[Event "AUTO-ELITE-688"]
[Site "http://www.queenalice.com/game.php?id=966405"]
[Date "2011.7.29"]
[Round "2"]
[White "mateintwo"]
[Black "AndyWo"]
[Result "1/2-1/2"]
[WhiteElo "2626"]
[BlackElo "2623"]

1. e4 c5 2. Nf3 Nc6 3. d4 cxd4 4. Nxd4 Nf6 5. Nc3 d6 6. Bg5 e6 7. Qd2 a6 8.
O-O-O Bd7 9. f4 b5 10. Bxf6 gxf6 11. Kb1 Qb6 12. Nxc6 Bxc6 13. f5 b4 14. Ne2 e5
15. Ng3 Qc5 16. b3 Ke7 17. Bc4 h5 18. h4 Bh6 19. Qe2 Qe3 20. Qxh5 Raf8 21. Rd3
1/2-1/2